[Event "LAT-ch"]
[Site "Riga"]
[Date "2022.04.28"]
[Round "2"]
[White "Osis, Reinars"]
[Black "Stepins, Edgars"]
[Result "0-1"]
[WhiteElo "2098"]
[BlackElo "2247"]
[PlyCount "124"]
[EventDate "2022.04.27"]
[EventType "swiss"]
[EventRounds "9"]
[EventCountry "LAT"]
[SourceTitle "CBM 208 Extra"]
[Source "ChessBase"]
[SourceDate "2022.07.31"]
[SourceVersion "1"]
[SourceVersionDate "2022.07.31"]
[SourceQuality "1"]

1. d4 Nf6 2. Bf4 g6 3. Nc3 Bg7 4. e4 d6 5. Qd2 Nc6 6. d5 Nb4 7. a3 Na6 8. Bxa6 bxa6 9. Bh6 0-0 10. Bxg7 Kxg7 11. Nge2 Bd7 12. Nd4 e5 13. dxe6 fxe6 14. 0-0 e5 15. Nde2 Bc6 16. f3 Qb8 17. b3 Qb6+ 18. Kh1 a5 19. a4 h6 20. Rad1 Rae8 21. Ng3 Bd7 22. Rfe1 Be6 23. Nd5 Nxd5 24. exd5 Bd7 25. Re4 Rf7 26. Qc3 Ref8 27. Nf1 Rf4 28. Re3 g5 29. h3 Be8 30. Nd2 Rd4 31. Rd3 Rxd3 32. cxd3 Bf7 33. Nc4 Qc5 34. Qxa5 Qxa5 35. Nxa5 Bxd5 36. Rc1 c5 37. Nc4 Rd8 38. Kg1 Kf6 39. Kf2 Ke6 40. Rc3 Rb8 41. Nd2 h5 42. Ke3 Ke7 43. Ke2 Rb4 44. Ke3 g4 45. hxg4 hxg4 46. Kf2 Rb8 47. Kg3 gxf3 48. gxf3 Ke6 49. Kf2 Rh8 50. Rc1 Rh2+ 51. Ke3 Bb7 52. Rf1 d5 53. Rf2 Rxf2 54. Kxf2 Kf5 55. Kg3 Ba6 56. b4 cxb4 57. d4 exd4 58. Nb3 d3 59. Nd4+ Ke5 60. Nb3 Bc4 61. f4+ Ke4 62. Nd2+ Ke3 0-1

[Event "LAT-ch"]
[Site "Riga"]
[Date "2021.09.18"]
[Round "2"]
[White "Stepins, Edgars"]
[Black "Dzjuba, Vsevolod"]
[Result "1/2-1/2"]
[WhiteElo "2263"]
[BlackElo "2085"]
[PlyCount "60"]
[EventDate "2021.09.17"]
[EventType "swiss"]
[EventRounds "8"]
[EventCountry "LAT"]
[SourceTitle "EXT 2022"]
[Source "ChessBase"]
[SourceDate "2021.10.06"]
[SourceVersion "1"]
[SourceVersionDate "2021.10.06"]
[SourceQuality "1"]

1. e4 c5 2. Nf3 e6 3. d4 cxd4 4. Nxd4 Nf6 5. Nc3 Nc6 6. Nxc6 bxc6 7. Bd3 d5 8. 0-0 Be7 9. Kh1 Qc7 10. f4 h5 11. Qe2 Bb7 12. h3 d4 13. Nb1 h4 14. Re1 Nh5 15. Qg4 g5 16. fxg5 Qe5 17. Nd2 Qxg5 18. Qxg5 Bxg5 19. Nf3 Bxc1 20. Raxc1 Rd8 21. Nxh4 c5 22. Nf3 Ke7 23. Kh2 Rdg8 24. c3 Rxg2+ 25. Kxg2 Nf4+ 26. Kg3 Nxd3 27. Nd2 dxc3 28. bxc3 Rg8+ 29. Kf3 Nxc1 30. Rxc1 f5 1/2-1/2

[Event "Riga Summer op"]
[Site "Riga"]
[Date "2020.06.20"]
[Round "7.2"]
[White "Stepins, Edgars"]
[Black "Berzinsh, Roland"]
[Result "1/2-1/2"]
[WhiteElo "2277"]
[BlackElo "2375"]
[PlyCount "124"]
[EventDate "2020.06.15"]
[EventType "swiss"]
[EventRounds "9"]
[EventCountry "LAT"]
[SourceTitle "CBM 197 Extra"]
[Source "ChessBase"]
[SourceDate "2020.09.30"]
[SourceVersion "1"]
[SourceVersionDate "2020.09.30"]
[SourceQuality "1"]

1. d4 d5 2. Nf3 Nf6 3. Bf4 c5 4. c3 Qb6 5. Qc2 Nc6 6. dxc5 Qxc5 7. Nbd2 g6 8. e3 Bg7 9. h3 0-0 10. Be2 Re8 11. 0-0 e5 12. Bh2 Bf5 13. Qb3 Rad8 14. Rfc1 Qe7 15. Bf1 h5 16. a4 Ne4 17. Rd1 Nc5 18. Qa3 Bf8 19. b4 Nd3 20. Qb3 Qf6 21. Bg3 g5 22. h4 g4 23. Ne1 Nxe1 24. Rxe1 Qg6 25. a5 Bg7 26. a6 b6 27. Bb5 Re6 28. Rac1 Bd3 29. Qa4 Ne7 30. c4 Nf5 31. cxd5 Rxd5 32. Rc8+ Kh7 33. Bxd3 Rxd3 34. Ne4 Bh6 35. Qb5 Nd6 36. Nxd6 Rdxd6 37. Bxe5 Qf5 38. Rh8+ Kg6 39. Rxh6+ Kxh6 40. Bf4+ Kg6 41. Qxf5+ Kxf5 42. Bxd6 Rxd6 43. Rc1 Ke6 44. Kf1 b5 45. Ra1 Rd2 46. Ra5 Rd5 47. Ke2 f5 48. Ra2 Rd6 49. f3 Ke5 50. Kf2 f4 51. fxg4 hxg4 52. exf4+ Kxf4 53. g3+ Ke4 54. Re2+ Kf5 55. Ke3 Re6+ 56. Kd3 Rxa6 57. Kd4 Rd6+ 58. Kc3 Rc6+ 59. Kb3 Rd6 60. Re3 Rd1 61. Kc2 Ra1 62. Kd3 Rb1 1/2-1/2

[Event "LAT-ch"]
[Site "Riga"]
[Date "2019.05.04"]
[Round "8"]
[White "Stepins, Edgars"]
[Black "Bekasovs, Rihards"]
[Result "1/2-1/2"]
[WhiteElo "2356"]
[BlackElo "2164"]
[PlyCount "98"]
[EventDate "2019.04.29"]
[EventType "swiss"]
[EventRounds "9"]
[EventCountry "LAT"]
[SourceTitle "CBM 190 Extra"]
[Source "ChessBase"]
[SourceDate "2019.07.15"]
[SourceVersion "1"]
[SourceVersionDate "2019.07.15"]
[SourceQuality "1"]

1. e4 e6 2. d4 d5 3. Nd2 c5 4. dxc5 Bxc5 5. Nb3 Bb6 6. exd5 Qxd5 7. Qxd5 exd5 8. Bd3 Nc6 9. c3 Nge7 10. Bf4 Bf5 11. Bxf5 Nxf5 12. Nf3 0-0-0 13. 0-0 f6 14. g4 Nfe7 15. Rad1 g5 16. Bg3 h5 17. h3 hxg4 18. hxg4 Ng6 19. Nbd4 Nxd4 20. Nxd4 Bxd4 21. Rxd4 Ne5 22. Kg2 Nc6 23. Rd3 d4 24. cxd4 Rxd4 25. Rxd4 Nxd4 26. Rc1+ Nc6 27. b4 Kd7 28. Kf3 a6 29. Ke4 Ke6 30. a4 Rc8 31. Rc4 Ne7 32. Rxc8 Nxc8 33. Kd4 Kd7 34. Kc5 Ke6 35. f3 Kd7 36. Bf2 Ke7 37. Kd5 Kd7 38. Bc5 b6 39. Bd4 Ne7+ 40. Kc4 b5+ 41. axb5 axb5+ 42. Kxb5 f5 43. Kc5 fxg4 44. fxg4 Ng8 45. Be5 Nh6 46. b5 Nxg4 47. Bg3 Nf6 48. Be5 Ng4 49. Bd4 Kc7 1/2-1/2

[Event "LAT-ch"]
[Site "Riga"]
[Date "2019.05.02"]
[Round "5"]
[White "Bolsakovs, Vadims"]
[Black "Stepins, Edgars"]
[Result "0-1"]
[WhiteElo "2199"]
[BlackElo "2356"]
[PlyCount "69"]
[EventDate "2019.04.29"]
[EventType "swiss"]
[EventRounds "9"]
[EventCountry "LAT"]
[SourceTitle "CBM 190 Extra"]
[Source "ChessBase"]
[SourceDate "2019.07.15"]
[SourceVersion "1"]
[SourceVersionDate "2019.07.15"]
[SourceQuality "1"]

1. d4 Nf6 2. c4 g6 3. Nc3 Bg7 4. e4 d6 5. f3 0-0 6. Nge2 Nc6 7. Bg5 e5 8. d5 Ne7 9. Qd2 Nd7 10. g4 f5 11. gxf5 gxf5 12. Ng3 Nf6 13. exf5 Nxf5 14. 0-0-0 Qe8 15. Nb5 Qf7 16. Bd3 Ne8 17. Rdf1 a6 18. Nxf5 Bxf5 19. Bxf5 Qxf5 20. Nc3 b5 21. c5 dxc5 22. Ne4 Nd6 23. Nxc5 Nc4 24. Qg2 Kh8 25. Qg4 e4 26. Qxf5 Bxb2+ 27. Kc2 Rxf5 28. Nxe4 Rxd5 29. Rd1 c6 30. h4 Rf8 31. Rxd5 cxd5 32. Nc3 d4 33. Nd1 Ba3 34. f4 Re8 35. Kd3 0-1

[Event "LAT-ch"]
[Site "Riga"]
[Date "2018.05.06"]
[Round "9"]
[White "Starostits, Ilmars"]
[Black "Stepins, Edgars"]
[Result "1/2-1/2"]
[WhiteElo "2441"]
[BlackElo "2306"]
[PlyCount "99"]
[EventDate "2018.04.30"]
[EventType "swiss"]
[EventRounds "9"]
[EventCountry "LAT"]
[SourceTitle "CBM 184 Extra"]
[Source "ChessBase"]
[SourceDate "2018.06.28"]
[SourceVersion "1"]
[SourceVersionDate "2018.06.28"]
[SourceQuality "1"]

1. d4 d5 2. Nf3 Nf6 3. c4 c6 4. e3 a6 5. Nbd2 Bf5 6. Be2 e6 7. 0-0 Nbd7 8. b3 Bd6 9. Bb2 Ne4 10. Nxe4 Bxe4 11. Nd2 Bg6 12. f4 0-0 13. a4 Nf6 14. c5 Bc7 15. b4 Ne4 16. Nb3 Qh4 17. b5 axb5 18. axb5 cxb5 19. Bxb5 Bf5 20. Qe1 Qh6 21. Ba3 g5 22. c6 Rxa3 23. Rxa3 bxc6 24. Bxc6 gxf4 25. Nc5 f3 26. g3 f2+ 27. Rxf2 Nxf2 28. Qxf2 Bd6 29. Bxd5 Rb8 30. Ra8 exd5 31. Rxb8+ Bxb8 32. Qxf5 Qxe3+ 33. Qf2 Qg5 34. Kg2 Bd6 35. Nd3 Qg4 36. Ne1 Qe4+ 37. Nf3 Bf8 38. Qd2 Bg7 39. Kf2 h6 40. Qc3 Kh7 41. Qc5 f5 42. h4 Kh8 43. h5 Kh7 44. Qc7 Kh8 45. Qf4 Kh7 46. Qxe4 fxe4 47. Ne5 Bf6 48. Ke3 Bg5+ 49. Ke2 Kg7 50. Nc6 1/2-1/2

[Event "LAT-ch"]
[Site "Riga"]
[Date "2018.05.05"]
[Round "8"]
[White "Stepins, Edgars"]
[Black "Mierins, Eriks"]
[Result "1/2-1/2"]
[WhiteElo "2306"]
[BlackElo "2192"]
[PlyCount "97"]
[EventDate "2018.04.30"]
[EventType "swiss"]
[EventRounds "9"]
[EventCountry "LAT"]
[SourceTitle "CBM 184 Extra"]
[Source "ChessBase"]
[SourceDate "2018.06.28"]
[SourceVersion "1"]
[SourceVersionDate "2018.06.28"]
[SourceQuality "1"]

1. d4 Nf6 2. Nf3 e6 3. g3 b6 4. Bg2 Bb7 5. 0-0 d5 6. c4 Nbd7 7. cxd5 exd5 8. Bf4 Be7 9. Nc3 0-0 10. Rc1 c6 11. Ne5 Rc8 12. a3 Nxe5 13. dxe5 Nh5 14. Bd2 g6 15. Bh6 Ng7 16. f4 Rc7 17. Kh1 Re8 18. g4 a5 19. Qb3 b5 20. f5 Bf8 21. e6 gxf5 22. gxf5 fxe6 23. e4 Bd6 24. f6 Nh5 25. exd5 exd5 26. Nxd5 Rf7 27. Ne3 a4 28. Qd3 Rxf6 29. Ng4 Rg6 30. Bxc6 Bxc6+ 31. Rxc6 Qd7 32. Qd5+ Kh8 33. Qd4+ Kg8 34. Qd5+ Kh8 35. Qd4+ Ng7 36. Bxg7+ Qxg7 37. Rxd6 Rxg4 38. Qxg7+ Kxg7 39. Rd5 Re2 40. Rxb5 Kh6 41. Rb6+ Kh5 42. Rf5+ Rg5 43. Rxg5+ Kxg5 44. Rb4 h5 45. h4+ Kf5 46. Kg1 Re4 47. Rb5+ Kg4 48. Kf2 Kxh4 49. b3 1/2-1/2

[Event "Jurmala Termo Eko Cup 12th"]
[Site "Jurmala"]
[Date "2018.02.18"]
[Round "6"]
[White "Meskovs, Nikita"]
[Black "Stepins, Edgars"]
[Result "1/2-1/2"]
[WhiteElo "2546"]
[BlackElo "2283"]
[PlyCount "114"]
[EventDate "2018.02.14"]
[EventType "swiss"]
[EventRounds "7"]
[EventCountry "LAT"]
[SourceTitle "CBM 182 Extra"]
[Source "ChessBase"]
[SourceDate "2018.02.23"]
[SourceVersion "1"]
[SourceVersionDate "2018.02.23"]
[SourceQuality "1"]

1. e4 e5 2. Nf3 Nc6 3. Bc4 Bc5 4. c3 Nf6 5. d3 d6 6. a4 a6 7. 0-0 h6 8. Nbd2 0-0 9. Re1 Ba7 10. Nf1 Ne7 11. Ng3 Ng6 12. Bb3 c6 13. h3 d5 14. exd5 Nxd5 15. d4 exd4 16. Nxd4 Ndf4 17. Qf3 Ne6 18. Ndf5 Ng5 19. Qh5 Bxf5 20. Bxg5 Qxg5 21. Qxg5 hxg5 22. Nxf5 Bc5 23. Rad1 Rfd8 24. a5 Kf8 25. Bc4 Nh4 26. Ng3 Be7 27. Kf1 g6 28. Bd3 Rd5 29. Be4 Rxd1 30. Rxd1 Rd8 31. Rxd8+ Bxd8 32. b4 Bf6 33. Ne2 Nf5 34. Bxf5 gxf5 35. Ke1 Ke7 36. Kd2 f4 37. Kd3 Be5 38. Nd4 Bxd4 39. Kxd4 Kd6 40. Ke4 Ke6 41. g3 fxg3 42. fxg3 f5+ 43. Kd4 Kf6 44. Kd3 Kg6 45. Ke3 Kh5 46. c4 Kg6 47. Kd4 Kf6 48. Kd3 Kg6 49. Ke3 Kh5 50. c5 Kg6 51. Kd3 Kh5 52. Kd4 Kh6 53. Kd3 Kh5 54. Ke3 Kg6 55. Ke2 Kh5 56. Kf3 Kg6 57. h4 Kh5 1/2-1/2

[Event "Olaine rapid op"]
[Site "Olaine"]
[Date "2017.11.26"]
[Round "7"]
[White "Stepins, Edgars"]
[Black "Sveshnikov, Vladimir"]
[Result "0-1"]
[WhiteElo "2269"]
[BlackElo "2377"]
[PlyCount "80"]
[EventDate "2017.11.26"]
[EventType "swiss (rapid)"]
[EventRounds "9"]
[EventCountry "LAT"]
[SourceTitle "CBM 181 Extra"]
[Source "ChessBase"]
[SourceDate "2017.12.12"]
[SourceVersion "1"]
[SourceVersionDate "2017.12.12"]
[SourceQuality "1"]

1. d4 d5 2. Nf3 Nf6 3. Bf4 c5 4. e3 Nc6 5. c3 Qb6 6. Qb3 c4 7. Qxb6 axb6 8. Na3 Na7 9. Bc7 b5 10. Be2 Bf5 11. Nh4 Bd7 12. 0-0 e6 13. Nc2 Nc6 14. a3 Be7 15. g3 0-0 16. Ng2 Ne4 17. f3 Nd2 18. Rf2 Nb3 19. Re1 Rfc8 20. Bb6 Ra6 21. Bc5 Nxc5 22. dxc5 Bxc5 23. Nd4 Ne7 24. f4 f6 25. Bg4 Rd6 26. Kf1 Re8 27. Rd2 g6 28. Red1 h5 29. Bh3 g5 30. Ne1 g4 31. Bg2 e5 32. Ndc2 Bc6 33. e4 Red8 34. exd5 Nxd5 35. Bxd5+ Bxd5 36. Ra1 Be4 37. Rxd6 Rxd6 38. Ke2 Bd3+ 39. Kd2 Bf1+ 40. Kc1 Be2 0-1

[Event "LAT-ch"]
[Site "Riga"]
[Date "2017.05.05"]
[Round "8"]
[White "Neiksans, Arturs"]
[Black "Stepins, Edgars"]
[Result "1-0"]
[WhiteElo "2599"]
[BlackElo "2248"]
[PlyCount "159"]
[EventDate "2017.04.30"]
[EventType "swiss"]
[EventRounds "9"]
[EventCountry "LAT"]
[SourceTitle "CBM 178 Extra"]
[Source "ChessBase"]
[SourceDate "2017.06.22"]
[SourceVersion "1"]
[SourceVersionDate "2017.06.22"]
[SourceQuality "1"]

1. e4 e5 2. Nf3 Nc6 3. Bb5 a6 4. Ba4 Nf6 5. 0-0 Nxe4 6. d4 b5 7. Bb3 d5 8. dxe5 Be6 9. Qe2 Be7 10. c3 0-0 11. Bc2 Nc5 12. Nd4 Qd7 13. Nd2 Bg4 14. Qe3 Ne6 15. N2b3 Ncxd4 16. cxd4 a5 17. Qd3 g6 18. Bh6 Rfd8 19. Qg3 Ng7 20. Bd3 Bf5 21. Bxg7 Kxg7 22. Rac1 Rdc8 23. Nc5 Bxc5 24. Rxc5 c6 25. Rfc1 b4 26. h3 a4 27. Qf3 Bxd3 28. Qxd3 a3 29. b3 Rc7 30. Qf3 Rac8 31. Qd3 Ra7 32. Kh2 Qe6 33. f4 h5 34. Rf1 Qf5 35. Qxf5 gxf5 36. Rfc1 Rac7 37. Kg3 f6 38. Kh4 Kf7 39. Kg3 Rg8+ 40. Kf2 Rgc8 41. g3 Ke7 42. Re1 Ra8 43. Kf3 Ke6 44. Re2 Ke7 45. Rec2 Kd7 46. Rc1 Ra6 47. Kf2 Ra8 48. Re1 Ke6 49. Kg2 Rg8 50. Kf3 Ra8 51. Re3 Rb8 52. Re1 Ra8 53. Rd1 Ra6 54. Rdc1 Kd7 55. g4 hxg4+ 56. hxg4 fxg4+ 57. Kxg4 fxe5 58. dxe5 Ra8 59. Rh1 Rg8+ 60. Kf3 Kc8 61. f5 Rg5 62. Kf4 Rg2 63. e6 Rxa2 64. f6 Rf2+ 65. Ke5 Kb7 66. Rhc1 a2 67. Ra5 Kb6 68. Ra8 Kb7 69. Ra4 c5 70. f7 Rc8 71. Re1 d4 72. Kd5 d3 73. Rxa2 Rxa2 74. e7 d2 75. Rd1 Raa8 76. Rxd2 Kb6 77. Rf2 Rd8+ 78. Ke6 c4 79. f8Q Rxf8 80. Rxf8 1-0

[Event "LAT-ch"]
[Site "Riga"]
[Date "2017.05.04"]
[Round "6"]
[White "Klimakovs, Sergejs"]
[Black "Stepins, Edgars"]
[Result "0-1"]
[WhiteElo "2300"]
[BlackElo "2248"]
[PlyCount "132"]
[EventDate "2017.04.30"]
[EventType "swiss"]
[EventRounds "9"]
[EventCountry "LAT"]
[SourceTitle "CBM 178 Extra"]
[Source "ChessBase"]
[SourceDate "2017.06.22"]
[SourceVersion "1"]
[SourceVersionDate "2017.06.22"]
[SourceQuality "1"]

1. c4 e5 2. g3 Nf6 3. Bg2 Nc6 4. Nf3 Bc5 5. Nc3 d6 6. 0-0 a6 7. e3 0-0 8. d3 Rb8 9. a3 Bd7 10. b4 Ba7 11. d4 Bg4 12. Ne2 exd4 13. exd4 Qd7 14. Be3 Ne7 15. Qd3 Rfe8 16. Bg5 Qf5 17. Qxf5 Nxf5 18. Rae1 Rxe2 19. Rxe2 Bxf3 20. Bxf3 Nxd4 21. Re3 Ne6 22. h4 h6 23. Bxf6 Bxe3 24. Bb2 Bd4 25. Bc1 b5 26. Rd1 c5 27. Be2 Kf8 28. Kg2 Ke7 29. f4 Bf6 30. Be3 Nd4 31. Bxd4 Bxd4 32. bxc5 dxc5 33. cxb5 axb5 34. Rb1 b4 35. axb4 cxb4 36. Bc4 Bc3 37. Bb3 Ra8 38. Kf3 f5 39. h5 Ra3 40. g4 fxg4+ 41. Kxg4 Kd6 42. Bf7 Kc5 43. Rd1 b3 44. Rd8 b2 45. Rc8+ Kd4 46. Rd8+ Ke3 47. Bg6 Bf6 48. Rb8 Kf2 49. Bh7 Ra1 50. Be4 Rg1+ 51. Kf5 Ke3 52. Rb3+ Kd2 53. Rb6 Bd4 54. Rb4 Kc3 55. Rb8 Bc5 56. Rc8 Kc4 57. Rc7 Re1 58. Bc2 Re7 59. Rc8 Kd4 60. Kg6 Re2 61. Bf5 Rg2+ 62. Kh7 Be7 63. Rb8 Ke3 64. Re8 Kxf4 65. Rxe7 Kxf5 66. Rb7 Ke4 0-1

[Event "LAT-ch"]
[Site "Riga"]
[Date "2016.05.01"]
[Round "2"]
[White "Stepins, Edgars"]
[Black "Berzinsh, Roland"]
[Result "0-1"]
[WhiteElo "2223"]
[BlackElo "2394"]
[PlyCount "78"]
[EventDate "2016.04.30"]
[EventType "swiss"]
[EventRounds "9"]
[EventCountry "LAT"]
[SourceTitle "CBM 172 Extra"]
[Source "ChessBase"]
[SourceDate "2016.06.21"]
[SourceVersion "1"]
[SourceVersionDate "2016.06.21"]
[SourceQuality "1"]

1. d4 d5 2. Nf3 Nf6 3. c4 dxc4 4. g3 Nc6 5. Bg2 Rb8 6. 0-0 e6 7. Bg5 Be7 8. e3 0-0 9. Nfd2 e5 10. Bxf6 Bxf6 11. d5 e4 12. Nxc4 Ne7 13. Qc2 Bf5 14. Rd1 Nxd5 15. Nc3 Bxc3 16. bxc3 c6 17. Rd4 Qf6 18. Nd2 Rfe8 19. Rb1 Qg6 20. c4 Nb4 21. Qc3 c5 22. Rxb4 cxb4 23. Qxb4 b6 24. Qb5 a6 25. Qd5 Qe6 26. Nxe4 Qxd5 27. cxd5 Rec8 28. h3 Rc1+ 29. Kh2 b5 30. g4 Bd7 31. Kg3 a5 32. Nd2 a4 33. Be4 b4 34. Nc4 a3 35. Na5 b3 36. Rd2 b2 37. Nc6 Re8 38. Bd3 Bxc6 39. dxc6 Rxc6 0-1

[Event "Liepajas Rokade op"]
[Site "Liepaja"]
[Date "2015.08.07"]
[Round "11"]
[White "Stepins, Edgars"]
[Black "Antoms, Guntars"]
[Result "0-1"]
[WhiteElo "2217"]
[BlackElo "2350"]
[PlyCount "72"]
[EventDate "2015.08.06"]
[EventType "swiss (rapid)"]
[EventRounds "13"]
[EventCountry "LAT"]
[SourceTitle "CBM 167 Extra"]
[Source "ChessBase"]
[SourceDate "2015.09.14"]
[SourceVersion "1"]
[SourceVersionDate "2015.09.14"]
[SourceQuality "1"]

1. Nf3 g6 2. c4 Bg7 3. g3 Nf6 4. Bg2 0-0 5. 0-0 d6 6. Nc3 Nc6 7. d3 e5 8. Ne1 Be6 9. Bg5 h6 10. Bd2 d5 11. cxd5 Nxd5 12. Nc2 f5 13. Ne3 Nf6 14. Nc4 e4 15. Be3 Qe7 16. Qa4 a6 17. Na5 Nxa5 18. Qxa5 b6 19. Qa4 Ng4 20. Bd2 Rad8 21. Qxa6 Kh7 22. h3 Ne5 23. Bf4 Ra8 24. Qxa8 Rxa8 25. dxe4 fxe4 26. Nxe4 Rf8 27. Rac1 Bxa2 28. Nc3 Bb3 29. Nd5 Bxd5 30. Bxd5 c5 31. Rfd1 Qf6 32. Ra1 Nc6 33. Ra6 Nb4 34. Ra7 Nxd5 35. Rxd5 Rf7 36. Ra2 Qe6 0-1

[Event "Liepajas Rokade op"]
[Site "Liepaja"]
[Date "2015.08.06"]
[Round "5"]
[White "Kovalev, Vladislav"]
[Black "Stepins, Edgars"]
[Result "1-0"]
[WhiteElo "2540"]
[BlackElo "2217"]
[PlyCount "51"]
[EventDate "2015.08.06"]
[EventType "swiss (rapid)"]
[EventRounds "13"]
[EventCountry "LAT"]
[SourceTitle "CBM 167 Extra"]
[Source "ChessBase"]
[SourceDate "2015.09.14"]
[SourceVersion "1"]
[SourceVersionDate "2015.09.14"]
[SourceQuality "1"]

1. d4 d5 2. Nc3 Nf6 3. Bf4 c6 4. e3 Bf5 5. f3 h5 6. Bd3 e6 7. e4 dxe4 8. fxe4 Bg4 9. Qd2 h4 10. Nge2 h3 11. gxh3 Rxh3 12. a3 Nbd7 13. 0-0-0 Nh5 14. Be3 Be7 15. Kb1 Qc7 16. e5 g6 17. Rhg1 Bxe2 18. Qxe2 Ng7 19. Rg3 Rh8 20. Bg5 Bxg5 21. Rxg5 0-0-0 22. Ne4 Nb6 23. Nd6+ Kb8 24. c4 Rxd6 25. exd6 Qxd6 26. c5 1-0

[Event "LAT-ch"]
[Site "Riga"]
[Date "2014.05.01"]
[Round "3"]
[White "Kretainis, Kristaps"]
[Black "Stepins, Edgars"]
[Result "1/2-1/2"]
[WhiteElo "2258"]
[BlackElo "2145"]
[PlyCount "131"]
[EventDate "2014.04.29"]
[EventType "swiss"]
[EventRounds "9"]
[EventCountry "LAT"]
[SourceTitle "CBM 160 Extra"]
[Source "ChessBase"]
[SourceDate "2014.07.01"]
[SourceVersion "1"]
[SourceVersionDate "2014.07.01"]
[SourceQuality "1"]

1. Nf3 d5 2. c4 e6 3. b3 Nf6 4. Bb2 Be7 5. g3 0-0 6. Bg2 b6 7. cxd5 exd5 8. 0-0 Bb7 9. d4 Nbd7 10. Nc3 Re8 11. e3 Bb4 12. a3 Bxc3 13. Bxc3 Ne4 14. Bb2 a5 15. Nd2 Ndf6 16. f3 Nd6 17. Re1 a4 18. b4 Re7 19. Qe2 Qd7 20. Qf2 Rae8 21. Bf1 Bc6 22. Bd3 Bb5 23. Bc2 Re6 24. Rad1 R8e7 25. Bc1 Qe8 26. Nb1 Nc4 27. Rd3 Nd6 28. Rdd1 Nc4 29. Rd3 Nd6 30. Rdd1 Bc4 31. Nc3 Bb3 32. Rd3 Bxc2 33. Qxc2 b5 34. Qf2 Qc6 35. Ne2 Re8 36. g4 R6e7 37. Rc3 Qd7 38. Ng3 h6 39. Qc2 Nc4 40. Qg2 Re6 41. h4 Nh7 42. Kf2 Rc6 43. Kg1 Nd6 44. Qc2 Rc4 45. Rxc4 Nxc4 46. Kg2 Nf8 47. Qd3 Ng6 48. Rh1 Qe6 49. Kf2 Ne7 50. Ne2 Qg6 51. Nf4 Qxd3 52. Nxd3 Nc8 53. Nf4 c6 54. Re1 N8d6 55. Rh1 g6 56. Rh2 Kg7 57. Rh1 Kh7 58. Rg1 Rg8 59. Ke2 Re8 60. Kd3 f6 61. Rh1 Kg7 62. Ne2 Kf7 63. Ng3 f5 64. g5 h5 65. Ne2 Re7 66. Nc3 1/2-1/2

[Event "LAT-ch"]
[Site "Riga"]
[Date "2013.04.15"]
[Round "4"]
[White "Klimakovs, Sergejs"]
[Black "Stepins, Edgars"]
[Result "1-0"]
[WhiteElo "2248"]
[BlackElo "2102"]
[PlyCount "87"]
[EventDate "2013.04.13"]
[EventType "swiss"]
[EventRounds "9"]
[EventCountry "LAT"]
[SourceTitle "CBM 154 Extra"]
[Source "ChessBase"]
[SourceDate "2013.06.25"]
[SourceVersion "2"]
[SourceVersionDate "2013.06.25"]
[SourceQuality "1"]

1. e4 e5 2. Nf3 Nc6 3. Bb5 a6 4. Ba4 Nf6 5. d3 b5 6. Bb3 Bc5 7. a4 Bb7 8. 0-0 d6 9. Nc3 b4 10. Ne2 0-0 11. Bg5 h6 12. Bh4 Nb8 13. Qd2 Bc8 14. c3 bxc3 15. bxc3 Bg4 16. Bxf6 Qxf6 17. Ne1 Nd7 18. h3 Bxe2 19. Qxe2 c6 20. a5 Ba7 21. Bc4 Nc5 22. Nc2 Qg6 23. Nb4 Rfc8 24. Kh1 Kh7 25. f4 exf4 26. Rxf4 Ne6 27. Rg4 Ng5 28. Rf1 Rf8 29. Nxc6 Qh5 30. d4 Rae8 31. Nxa7 f5 32. Rgf4 Qxe2 33. Bxe2 Nxe4 34. Kh2 Nxc3 35. Bd3 g6 36. Rc1 Nd5 37. Rf2 Re3 38. Bxa6 g5 39. Bb7 Nf4 40. Nb5 Nd3 41. Rc7+ Kg6 42. Rf3 Rfe8 43. Nxd6 R8e6 44. Nxf5 1-0

[Event "LAT-ch"]
[Site "Riga"]
[Date "2013.04.14"]
[Round "3"]
[White "Stepins, Edgars"]
[Black "Antoms, Guntars"]
[Result "0-1"]
[WhiteElo "2102"]
[BlackElo "2376"]
[PlyCount "89"]
[EventDate "2013.04.13"]
[EventType "swiss"]
[EventRounds "9"]
[EventCountry "LAT"]
[SourceTitle "CBM 154 Extra"]
[Source "ChessBase"]
[SourceDate "2013.06.25"]
[SourceVersion "2"]
[SourceVersionDate "2013.06.25"]
[SourceQuality "1"]

1. d4 Nf6 2. Nf3 g6 3. c4 Bg7 4. Nc3 0-0 5. e4 d6 6. Be2 Bg4 7. Bg5 h6 8. Be3 Nfd7 9. Qd2 Bxf3 10. Bxf3 Kh7 11. e5 Nc6 12. exd6 exd6 13. 0-0 Rb8 14. Nd5 Nb6 15. Rac1 Ne7 16. Nxe7 Qxe7 17. Rfe1 Qe6 18. b3 Qf5 19. Qc2 Qf6 20. c5 dxc5 21. dxc5 Nd7 22. Bxb7 Ne5 23. Bd4 Rfe8 24. Bd5 Nf3+ 25. Bxf3 Qxd4 26. Red1 Qf4 27. Qc4 Qf6 28. Qa4 Re5 29. Qxa7 Rbe8 30. Qxc7 Qf4 31. h3 Re1+ 32. Rxe1 Rxe1+ 33. Rxe1 Qxc7 34. c6 Bd4 35. Rc1 Bb6 36. Re1 Qf4 37. Rd1 h5 38. Re1 Kg7 39. Re2 Kh6 40. Rc2 g5 41. a4 f6 42. a5 Bxa5 43. Rc4 Qd2 44. c7 Qe1+ 45. Kh2 0-1

[Event "LAT-ch"]
[Site "Riga"]
[Date "2012.04.29"]
[Round "1"]
[White "Lavendelis, Egons"]
[Black "Stepins, Edgars"]
[Result "1-0"]
[WhiteElo "2347"]
[BlackElo "2082"]
[PlyCount "53"]
[EventDate "2012.04.29"]
[EventType "swiss"]
[EventRounds "9"]
[EventCountry "LAT"]
[SourceTitle "CBM 148 Extra"]
[Source "ChessBase"]
[SourceDate "2012.06.22"]
[SourceVersion "1"]
[SourceVersionDate "2012.06.22"]
[SourceQuality "1"]

1. e4 d6 2. d4 g6 3. Nc3 Bg7 4. Be3 a6 5. a4 b6 6. f4 Nf6 7. Nf3 Bb7 8. Bd3 e6 9. h3 d5 10. e5 Nfd7 11. a5 c5 12. axb6 cxd4 13. Bxd4 Nc6 14. Bf2 Nxb6 15. Qe2 Nd7 16. 0-0 Nb4 17. g4 h5 18. Nd4 Qc7 19. Bxg6 fxg6 20. Nxe6 Qc6 21. Nxg7+ Kf8 22. Bd4 Kxg7 23. e6+ Kg8 24. exd7 Rh7 25. f5 hxg4 26. fxg6 Rxd7 27. Qe5 1-0